| 000 | 00962cac a2200265 a 4500 | ||
|---|---|---|---|
| 003 | CO-PeBPM | ||
| 005 | 20250225172605.0 | ||
| 008 | 231129s2019||||ck |||||||||||||| ||spa|| | ||
| 020 | _a9789584856586 | ||
| 040 |
_aCO-PeBPM _bspa _cCO-PeBPM _eRDA |
||
| 041 | _aspa | ||
| 082 | 0 | 4 |
_a133.3 W482p _222 |
| 100 | 1 | 0 |
_aWeor, Gabriel Aun _eautor |
| 245 | 1 | 0 |
_aPlaneta gigante: La tierra en peligro _c/ Gabriel Aun Weor; Revisión y corrección Gloria Aleida Mesa Rico; diseño de portada y diagramación Yilbey Montilla Sánchez |
| 250 | _aPrimera edición | ||
| 260 |
_aArmenia Colombia _b: CastleBran Editores _c, 2019 |
||
| 300 |
_a92 páginas _c21 centímetros |
||
| 500 | _aIncluye índice | ||
| 650 | 1 | 4 |
_aTierra _2LEMB |
| 650 | 1 | 4 |
_aGeología _2LEMB |
| 650 | 1 | 4 |
_aAstronomía _2LEMB |
| 700 | 1 | 4 |
_aMesa Rico, Gloria Aleida _eRevisión y corrección |
| 700 | 1 | 4 |
_aMontilla Sánchez, Yilbey _eDiagramación |
| 942 |
_2ddc _cBK |
||
| 999 |
_c22830 _d22830 |
||